Statistics for Countries and Territories that have the British Flag on their Flags

Click here to take the quiz!

General Stats

  • This quiz has been taken 65 times
  • The average score is 14 of 27

Answer Stats

ContinentTerritory or Country% Correct
OceaniaAustralia
94%
OceaniaNew Zealand
92%
EuropeUnited Kingdom
85%
OcenaiaFiji
85%
South AmericaFalkland Islands
69%
North AmericaBermuda
65%
OceaniaTuvalu
63%
North AmericaCayman Islands
62%
North AmericaTurks and Caicos Islands
60%
North AmericaBritish Virgin Islands
60%
AfricaSaint Helena
54%
OceaniaPitcairn Islands
54%
North AmericaAnguilla
52%
AntarcticaBritish Antarctic Territory
50%
North AmericaMontserrat
48%
AfricaTristan da Cunha
46%
OceaniaCook Islands
46%
AfricaAscension Island
44%
AsiaBritish Indian Ocean Territory
42%
OceaniaNiue
40%
South AmericaSouth Georgia and the South Sandwich Islands
37%
North AmericaHawaii
35%
AsiaAkrotiri
29%
AsiaDhekelia
25%
North AmericaOntario
21%
North AmericaManitoba
21%
North AmericaBritish Columbia
21%

Score Distribution

Percentile by Number Answered

Percent of People with Each Score

Your Score History

You have not taken this quiz